La moto au cinéma - #2 - Statistiques

Statistiques générales
  • Ce quiz a été pris 89 fois
  • Le résultat moyen est 8 sur 20
Statistiques - réponses
Par images Réponse % Correct
Tron : L'Héritage
83%
Deadpool 2
78%
Wallace et Gromit : Rasé de près
77%
Terminator 2 : Le jugement dernier
66%
Creed
57%
Akira
51%
Le Fabuleux Destin d'Amélie Poulain
50%
Taxi
46%
Rio
35%
Skyfall
35%
Fantômas
34%
Ready Player One
30%
Purple Rain
24%
I, Robot
22%
RoboCop
22%
Free Guy
16%
The Grand Budapest Hotel
16%
À bord du Darjeeling Limited
15%
Les Petits Mouchoirs
15%
Star Trek
7%
Aucun quiz correspondant
Distribution des résultats
% des personnes avec chaque résultat
Percentile par nombre de réponses
Votre historique - résultats
Vous n’avez pas pris ce quiz